| 000 | 00433nam a22001697a 4500 | ||
|---|---|---|---|
| 999 |
_c478468 _d478468 |
||
| 003 | NUST | ||
| 005 | 20180601042558.0 | ||
| 008 | 180601b ||||| |||| 00| 0 eng d | ||
| 020 | _a9780071321211 | ||
| 038 | _aSNS Library | ||
| 082 | _a541 | ||
| 100 |
_aIran. Levine _910678 |
||
| 245 |
_aPhysical Chemistry _cIran. Levine |
||
| 260 |
_aNew Delhi _bMc Graw Hill Education _c2011 |
||
| 300 |
_a989 p. _bPb. |
||
| 942 |
_2ddc _cBK |
||